| 000 | 01286nam0a2200313 4500 | ||
|---|---|---|---|
| 001 | RU\NLR\BIBL_A\022291824 | ||
| 005 | 20260420013200.0 | ||
| 010 |
_a978-5-00201-180-3 _9300 |
||
| 021 |
_aRU _bКН-П-24-036733 _9КН-П-24-3682 |
||
| 035 | _a(NLR Aleph) 022291824 | ||
| 090 |
_a13662319 _c13662319 |
||
| 100 | _a20240807d2024 u y0rusy50 ca | ||
| 101 | 0 | _arus | |
| 102 | _aRU | ||
| 105 | _ay j 000yy | ||
| 181 | 0 |
_ai _baxxe |
|
| 182 | 0 | _an | |
| 200 | 1 |
_aЭкологическое право _eучебно-методическое пособие _fХрамова И. С. |
|
| 203 |
_aТекст _bвизуальный _cнепосредственный |
||
| 210 |
_aАстрахань _cиздатель Сорокин Роман Васильевич _d2024 |
||
| 215 |
_a172 с. _d21 |
||
| 320 | _aБиблиогр.: с. 167-172 и в тексте | ||
| 606 | 1 |
_aЭкологическое право _jУчебно-методические пособия _yРоссийская Федерация _92073085 _3RU\NLR\AUTH\661247957 |
|
| 686 | 1 | _aХ625.9я7 | |
| 700 | 1 |
_aХрамова _bИ. С. _gИрина Сергеевна |
|
| 942 | _cBOOK | ||
| 980 | _aNB | ||